This country series #1 - Statistics

General Stats
  • This quiz has been taken 20 times
  • The average score is 26 of 30
Answer Stats
This country... Answer % Correct
10) is the biggest in South America Brazil
100%
4) has the worlds longest coastline Canada
100%
9) covers 12 time zones France
100%
18) has some highways with no speed limits Germany
100%
19) Is surrounded by South Africa onall sides Lesotho
100%
11) starts with the letter O Oman
100%
13) contains a major canal connectingthe Atlantic and Pacific Panama
100%
20) begins with the letter Q Qatar
100%
16) is surrounded entirely by Italy San Marino
100%
5) has 3 official capitals South Africa
100%
24) uses the pound sterling United Kingdom
100%
8) has 50 states United States
100%
1) is completely within another capitalcity Vatican City
100%
27) has a vast, remote desert calledthe outback Australia
94%
6) is currently fought over by Greece andTurkey Cyprus
94%
29) is where Santa Claus is supposedlyfrom in the northern regions Finland
94%
26) has lemurs living in the wild Madagascar
94%
25) does not have a quadrilateral flag Nepal
94%
7) has Maori as an official language New Zealand
94%
12) has no mosquitoes Iceland
88%
2) is the most densely populatedcountry in the world Monaco
88%
28) has Europes largest port Netherlands
88%
3) is European and has territory onthe African mainland Spain
88%
17) has the most islands Sweden
82%
21) has a large hadron collider Switzerland
82%
15) has over 800 indigenous languages Papua New Guinea
76%
14) has the worlds coldest capital city Mongolia
71%
22) has the worlds strongest passport Singapore
41%
23) has the worlds strongest currency Kuwait
29%
30) has the largest KFC restaurant Azerbaijan
18%
No matching quizzes found
Score Distribution
Percent of People with Each Score
Percentile by Number Answered
Your Score History
You have not taken this quiz